000 00568nam a2200181Ia 4500
005 20250508152941.0
008 008 250505s9999 xx 000 0 eng d
037 _aTextual
040 _aFEDL
_beng
_cFEDL
041 _aeng
_2eng
084 _a954.02, BAN
_qFEDL
100 _aBanerjee Anil Chandra
245 0 _aLectures on rajput history: Raghunath Prasad nopany lectures (1960) Calcutta University
260 _aCalcutta, India
_bFirma K. L. Mukhopadhyay
_c1962
300 _a192p.
942 _cTEXL
_h954.02, BAN
999 _c1339776
_d1339776